000 00747cam a2200229 a 4500
005 20260322212043.0
008 data
010 _a 96026977
020 _a0915166844 (alk. paper)
020 _a9780915166848 (alk. paper)
040 _aDLC
_cDLC
_dDLC
050 0 0 _aRA785
_b.B64 1996
092 _a155.9 B64 1996
100 1 _aBoenisch, Edmond W.,
_d1947-
245 1 4 _aThe stress owner's manual :
_bmeaning, balance & health in your life /
_cEdmond W. Boenisch & C. Michele Haney.
260 _aSan Luis Obispo, Calif. :
_bImpact,
_cc1996.
300 _a194 p. :
_bill. ;
_c23 cm.
504 _aIncludes bibliographical references (p. [179]-189) and index.
650 0 _aStress management.
700 1 _aHaney, C. Michele,
_d1944-
001 data
999 _c1003
_d1003